Le "contrat social" en Hongrie

Elmentve itt :
Bibliográfiai részletek
Szerző: Eckhardt Sándor
Dokumentumtípus: Cikk
Megjelent: 1924
Sorozat:Revue des études hongroises et finno-ougriennes 2
Kulcsszavak:Történelemtudomány
Online Access:http://acta.bibl.u-szeged.hu/25259
LEADER 00625nab a2200181 i 4500
001 acta25259
005 20210720151650.0
008 161017s1924 hu o 0|| fre d
022 |a 1166-9667 
040 |a SZTE Egyetemi Kiadványok Repozitórium  |b hun 
041 |a fre 
100 1 |a Eckhardt Sándor 
245 1 3 |a Le "contrat social" en Hongrie  |h [elektronikus dokumentum] /  |c  Eckhardt Sándor 
260 |c 1924 
300 |a 117-137 
490 0 |a Revue des études hongroises et finno-ougriennes  |v 2 
695 |a Történelemtudomány 
856 4 0 |u http://acta.bibl.u-szeged.hu/25259/1/etudes_hongroises_002_117-137.pdf  |z Dokumentum-elérés